Movies Quiz

Random Movies or Letter Quiz

'I' Movies by Picture II Quiz Stats

 Plays Quiz Updated Jan 2, 2021

Support Sporcle.
Go Orange.
Score 0/18 Timer 06:00
2 Plays Today
Movie % Correct
The Incredible Hulk
88.2%
The Iron Giant
83.7%
Inspector Gadget
77.1%
Invictus
64%
I Now Pronounce You Chuck & Larry
55.6%
An Inconvenient Truth
44.3%
I Love You, Man
43.9%
Igor
40.5%
In the Line of Fire
39.1%
Movie % Correct
It's Complicated
33.3%
Inferno
32.2%
Indecent Proposal
21%
I'm Not There
19.3%
The Insider
18.3%
I Love You Phillip Morris
15.6%
Idle Hands
14.8%
I Am Number Four
14.1%
Into the Blue
13.1%

You're not logged in!

Compare scores with friends on all Sporcle quizzes.
OR
Log In

From the Vault

Intertwined Movies

by gazzso

Test your vocabulary skills and your movie knowledge at the same time!
Remove Ads.
Support Sporcle.
Get the best of Sporcle when you Go Orange. This ad-free experience offers more features, more stats, and more fun while also helping to support Sporcle. Thank you for becoming a member.

Show Comments

Extras

Top Quizzes Today


Score Distribution

Your Account Isn't Verified!

In order to create a playlist on Sporcle, you need to verify the email address you used during registration. Go to your Sporcle Settings to finish the process.

Report this User

Report this user for behavior that violates our Community Guidelines.

Details: